[Event "Niedersachsen-ch op"]
[Site "Verden"]
[Date "2007.01.07"]
[Round "7"]
[White "Kickert, Germaine Helene"]
[Black "Ulrich, Werner"]
[Result "1-0"]
[WhiteElo "1897"]
[BlackElo "1600"]
[PlyCount "87"]
[EventDate "2007.01.04"]
[EventType "swiss"]
[EventRounds "7"]
[EventCountry "GER"]
[SourceTitle "EXT 2021"]
[Source "ChessBase"]
[SourceDate "2020.10.23"]
[SourceVersion "1"]
[SourceVersionDate "2020.10.23"]
[SourceQuality "1"]

1. e4 c6 2. d4 d5 3. exd5 cxd5 4. Bd3 Nf6 5. c3 e6 6. Bf4 Bd6 7. Bxd6 Qxd6 8. Nf3 0-0 9. 0-0 b6 10. Qe2 a5 11. Na3 Ba6 12. Nb5 Bxb5 13. Bxb5 Nc6 14. Ne5 Ne7 15. a4 Ra7 16. Rae1 Qc7 17. Bd3 h6 18. Bb5 Ne4 19. Bd3 Nd6 20. Qd1 Nc6 21. Ng4 Qe7 22. Re3 f5 23. Ne5 Nxe5 24. Rxe5 Qf6 25. Rfe1 Re7 26. Qe2 Rfe8 27. Bb5 Nxb5 28. Qxb5 Qf7 29. Qxb6 Rb7 30. Qxa5 Rxb2 31. R5e2 Reb8 32. g3 Qh5 33. Rxb2 Rxb2 34. Qa6 Qf3 35. Qxe6+ Kh7 36. Qe3 Qe4 37. Qc1 Re2 38. Rxe2 Qxe2 39. Qb1 Qf3 40. Qc2 h5 41. a5 g5 42. h3 Kh6 43. a6 h4 44. a7 1-0

[Event "Niedersachsen-ch op"]
[Site "Verden"]
[Date "2007.01.05"]
[Round "3"]
[White "Schuischel, Martin"]
[Black "Ulrich, Werner"]
[Result "0-1"]
[WhiteElo "1155"]
[BlackElo "1600"]
[PlyCount "118"]
[EventDate "2007.01.04"]
[EventType "swiss"]
[EventRounds "7"]
[EventCountry "GER"]
[SourceTitle "EXT 2021"]
[Source "ChessBase"]
[SourceDate "2020.10.23"]
[SourceVersion "1"]
[SourceVersionDate "2020.10.23"]
[SourceQuality "1"]

1. d4 Nf6 2. Nf3 e6 3. e3 b6 4. b3 Bb7 5. Nc3 Bb4 6. Bd2 0-0 7. Be2 Nc6 8. a3 Bxc3 9. Bxc3 Ne7 10. 0-0 Ned5 11. Bb2 d6 12. Bd3 Rc8 13. Re1 Ne7 14. c3 c5 15. Rc1 h6 16. Qe2 Qd7 17. Ba6 Nfd5 18. Bxb7 Qxb7 19. Red1 Nc6 20. c4 Nde7 21. d5 exd5 22. cxd5 Nd8 23. e4 Re8 24. Qd2 f6 25. h3 Nf7 26. h4 Ne5 27. Nxe5 fxe5 28. Rf1 Ng6 29. h5 Nf4 30. Qd1 Qf7 31. Rc3 Nxh5 32. Rf3 Nf6 33. Qe2 Rf8 34. Bc1 Qh5 35. Qe3 Ng4 36. Rxf8+ Rxf8 37. Qh3 Qxh3 38. gxh3 Nf6 39. f3 c4 40. b4 b5 41. Rf2 Ra8 42. Rg2 Kf7 43. Rf2 a5 44. Bd2 axb4 45. Bxb4 Ke7 46. Rg2 g5 47. h4 Rg8 48. hxg5 Rxg5 49. Rxg5 hxg5 50. Bd2 g4 51. Kf2 gxf3 52. Kxf3 Nd7 53. Kg4 Nc5 54. Kf5 Na4 55. Bg5+ Kd7 56. Bd2 c3 57. Bc1 Nb2 58. Kg4 Nd3 59. Bg5 c2 0-1

[Event "Niedersachsen-ch op"]
[Site "Verden"]
[Date "2007.01.04"]
[Round "2"]
[White "Ulrich, Werner"]
[Black "Heyne, Jan Hendrik"]
[Result "0-1"]
[WhiteElo "1600"]
[BlackElo "1167"]
[PlyCount "50"]
[EventDate "2007.01.04"]
[EventType "swiss"]
[EventRounds "7"]
[EventCountry "GER"]
[SourceTitle "EXT 2021"]
[Source "ChessBase"]
[SourceDate "2020.10.23"]
[SourceVersion "1"]
[SourceVersionDate "2020.10.23"]
[SourceQuality "1"]

1. d4 Nf6 2. c4 g6 3. g3 d5 4. cxd5 Nxd5 5. Bg2 Bg7 6. e3 c6 7. Nf3 0-0 8. 0-0 Bg4 9. Qb3 Qb6 10. Qd3 Nd7 11. Nc3 e6 12. a3 c5 13. dxc5 Nxc5 14. Nxd5 exd5 15. Qxd5 Rfd8 16. Qc4 Be6 17. Qe2 Rac8 18. Ng5 Bd7 19. Rd1 Nb3 20. Rb1 Qc5 21. Ne4 Nxc1 22. Rbxc1 Qxc1 23. Rxc1 Rxc1+ 24. Bf1 Bh3 25. f4 Rxf1+ 0-1